| 000 | 00387nam a22001457a 4500 | ||
|---|---|---|---|
| 999 |
_c7809 _d7809 |
||
| 003 | OSt | ||
| 005 | 20200521150424.0 | ||
| 008 | 200521b ||||| |||| 00| 0 eng d | ||
| 020 | _a9781119337843 | ||
| 082 | _a720.103 | ||
| 245 | _aHousing as Intervention: Architecture towards social equity | ||
| 260 |
_aWiley; 1 edition _c(July 30, 201 |
||
| 700 | _aEditor: Kubey, Karen | ||
| 942 | _2ddc | ||